| 000 | 00990nam a22003257a 4500 | ||
|---|---|---|---|
| 001 | 0054436 | ||
| 003 | KOHA_MİRAKIL | ||
| 005 | 20260207003945.0 | ||
| 007 | ta | ||
| 008 | 151230b1999 tu |||gr||||#||||0|tur | | ||
| 020 | _a9753312059 | ||
| 040 |
_aTR-BiSEU _btur _cTR-BiSEU _erda |
||
| 041 | 0 | _atur | |
| 044 | _ctu | ||
| 050 |
_aLB1028.5 _b.A75 1999 |
||
| 100 | 1 | _aArı, Meziyet. | |
| 245 | 1 |
_aOkul öncesi dönemde bilgisayar destekli eğitim/ _cMeziyet Arı ; Meziyet Arı, Pınar Bayhan. |
|
| 264 | 1 |
_aİstanbul : _bEpsilon _c1999 |
|
| 300 | _a115 sayfa; 23 cm. | ||
| 336 |
_ametin _btxt _2rdacontent |
||
| 337 |
_aaracısız _bn _2rdamedia |
||
| 338 |
_acilt _bnc _2rdacarrier |
||
| 500 | _aKaynakça var. | ||
| 650 | 0 |
_aBilgisayar destekli öğretim _91500 |
|
| 650 | 0 |
_aEğitim teknolojisi _92964 |
|
| 650 | 0 |
_aOkul geliştirme programları _9101069 |
|
| 650 | 0 |
_aOkulöncesi eğitim _9101059 |
|
| 650 | 0 |
_aİlköğretim --Bilgi işlem _9101070 |
|
| 942 |
_2lcc _cBK |
||
| 999 |
_c54244 _d54244 |
||